000 01721 a2200277 4500
001 2162214035926634
003 UA-OsUOA
005 20260311101741.0
008 260311b -urao||| |||| 00| 0 rus d
020 _a5020108650
040 _aUA-OsUOA
_brus
_cUA-OsUOA
_dUA-OsUOA
041 _arus
080 _a81'351(367)
090 _a81'351(367)
_bИ91
100 _aИстрин В. А.
_924376
245 _a1100 лет славянской азбуки
_cВ. А. Истрин
250 _a2-е изд.
260 _aМосква
_bНаука
_c1988
300 _a192 с.
490 _a"Литературоведение и языкознание"
520 _aКнига знакомит читателя с полной драматических событий историей жизни и деятельности создателей славянской азбуки, великих славянских просветителей братьев Константина Философа (Кирилла) и Мефодия. Наряду с этим дается сравнительная характеристика и прослеживается последующая судьба двух древнейших славянских азбук - кириллицы и глаголицы, рассматриваются пока еще не решенные наукой до конца вопросы о докирилловской славянской письменности.
650 _a81 Лінгвістика. Мовознавство. Мови
_91918
942 _cBK
_2udc
955 _a4
999 _c580033
_d580033